[Event "GER-chT North U12"]
[Site "Magdeburg"]
[Date "2013.09.14"]
[Round "6.4"]
[White "Palzer, Luca"]
[Black "Pirch, Nico"]
[Result "1-0"]
[WhiteElo "842"]
[BlackElo "999"]
[PlyCount "75"]
[EventDate "2013.09.12"]
[EventType "team-swiss"]
[EventRounds "7"]
[EventCountry "GER"]
[SourceTitle "EXT 2014"]
[Source "ChessBase"]
[SourceDate "2013.11.20"]
[SourceVersion "1"]
[SourceVersionDate "2013.11.20"]
[SourceQuality "1"]
[WhiteTeam "Hamburg Eppendorf"]
[BlackTeam "Weissenfels Roland"]
[WhiteTeamCountry "GER"]
[BlackTeamCountry "GER"]

1. e4 e5 2. Nf3 Nc6 3. d4 exd4 4. Bc4 h6 5. 0-0 Bc5 6. c3 dxc3 7. Bxf7+ Kxf7 8. Qd5+ Kf8 9. Qxc5+ d6 10. Qxc3 Qe8 11. Re1 Qg6 12. Bf4 Bh3 13. Nh4 Qg4 14. Qxh3 Qxf4 15. Ng6+ Kf7 16. Nxf4 g5 17. Qe6+ Kf8 18. Ng6+ Kg7 19. Nxh8 Kxh8 20. Nc3 Nd8 21. Qd7 Nf6 22. Qxc7 b6 23. Qxd6 Ne8 24. Qxh6+ Kg8 25. Qxg5+ Ng7 26. Rad1 Nde6 27. Qd5 Rb8 28. f4 Kh7 29. Re3 Nxf4 30. Qe5 Ng6 31. Qxb8 Nh5 32. Rh3 Kh6 33. g4 Ngf4 34. Qxf4+ Kg6 35. Qf5+ Kg7 36. Rxh5 Kg8 37. Rh7 a6 38. Qf7# 1-0